त्रिपिटक-दिग्दर्शिकाः (Record no. 27530)

MARC details
000 -LEADER
fixed length control field 01436nam a22002657a 4500
005 - DATE AND TIME OF LATEST TRANSACTION
control field 20090617103837.0
008 - FIXED-LENGTH DATA ELEMENTS--GENERAL INFORMATION
fixed length control field 090617t xxu||||| |||| 00| 0 hin d
010 ## - LCCN (DPL NO)
LC control number HIN-86954
020 ## - INTERNATIONAL STANDARD BOOK NUMBER
International Standard Book Number 9788187733775
Terms of availability 350.00
035 ## - SYSTEM CONTROL NUMBER
System control number HN-59300
037 ## - SOURCE OF ACQUISITION
Source of stock number/acquisition DBAD / PUB
040 ## - CATALOGING SOURCE
Original cataloging agency dpl
Language of cataloging hn
082 ## - DEWEY DECIMAL CLASSIFICATION NUMBER
Classification number 250.82
245 ## - TITLE STATEMENT
Title त्रिपिटक-दिग्दर्शिकाः
Statement of responsibility, etc यू.को.ले. द्वारा संकलित एवं डी.रेवत् थेरो द्वारा अनुदित
Remainder of title गाइड टू त्रिपिटक का अनुवाद /
246 ## - VARYING FORM OF TITLE
Title proper/short title Tripitaka-digdarshikaa
Remainder of title Collected by U.Ko Le.
260 ## - PUBLICATION, DISTRIBUTION, ETC. (IMPRINT)
Place of publication, distribution, etc दिल्ली
Name of publisher, distributor, etc गौतम बुक सेन्टर
Date of publication, distribution, etc 2009
270 ## - ADDRESS
Address चन्दन सदन ,सी-263ए, गली नं.-9, हरदेवपुरी , शाहदरा
City दिल्ली
Postal code 110093
Telephone number 22810380, 65822074
300 ## - PHYSICAL DESCRIPTION
Extent 11,135पृ.
Dimensions 22सेमी (सजिल्द)
650 ## - SUBJECT ADDED ENTRY--TOPICAL TERM
Topical term or geographic name as entry element बौद्ध धर्म
650 ## - SUBJECT ADDED ENTRY--TOPICAL TERM
Topical term or geographic name as entry element Buddhism
700 ## - ADDED ENTRY--PERSONAL NAME
Personal name यू को ले
700 ## - ADDED ENTRY--PERSONAL NAME
Personal name थेरो, डी.रेवत्
942 ## - ADDED ENTRY ELEMENTS (KOHA)
Source of classification or shelving scheme Dewey Decimal Classification
Item type Hindi Books
Call number suffix त्रिपिट
Classification part 250.82
Holdings
Withdrawn status Lost status Source of classification or shelving scheme Damaged status Not for loan Home library Current library Date acquired Source of acquisition Cost, normal purchase price Total Checkouts Full call number Barcode Date last seen Copy number Cost, replacement price Koha item type
    Dewey Decimal Classification   Not For Loan D.B.Act.Division D.B.Act.Division 17/06/2009 DBAD / PUB 350.00   250.82 त्रिपिट HN-59300 17/06/2009 1 350.00 Hindi Books

© Delhi Public Library
Hit Counter
free hit counter